000 00577nam a2200229Ia 4500
003 OSt
005 20221005115241.0
006 a|||||r|||| 00| 0
007 ta
008 221004b |||||||| |||| 00| 0 eng d
024 _a39546
037 _cTextual
040 _aCRL
_cCRL
_beng
041 _2eng
_aeng
082 _aO:3M67:42, F7
100 _aGalsworthy John
245 0 _aCastles in Spain and other screeds
260 _c1927
650 _aENGLISH LITERATURE
942 _hO:3M67:42, F7
_cTEXL
_2cc
999 _c1033928
_d1033928